| 000 | 00745nam a2200265 a 4500 | ||
|---|---|---|---|
| 008 | |||
| 020 | _a0136002226 (cased) | ||
| 049 | _aMAIN | ||
| 090 | _aHG221 | ||
| 100 | 1 | _aSimpson, Thomas D. | |
| 245 | 1 | 0 |
_aMoney, banking, and economic analysis / _cThomas D. Simpson. |
| 250 | _a3rd ed. | ||
| 260 |
_aEnglewood Cliffs : _bPrentice-Hall, _c1987. |
||
| 300 |
_axiii, 562 p. : _bill. ; _c25 cm. |
||
| 504 | _aIncludes bibliographical references. | ||
| 500 | _aIncludes index. | ||
| 650 | 0 | _aMoney. | |
| 650 | 0 | _aBanks and banking. | |
| 650 | 0 | _aEconomics. | |
| 907 |
_a.b10060285 _b15-06-05 _c17-04-03 |
||
| 003 | |||
| 005 | 20230123133636.0 | ||
| 040 | _cNUST | ||
| 942 |
_cBOOKS _kHG221 |
||
| 999 |
_c152129 _d152129 |
||